| 000 | 00469nam a22001697a 4500 | ||
|---|---|---|---|
| 003 | BD-DhUL | ||
| 005 | 20210921153445.0 | ||
| 008 | 190107snd. ii ||||| |||| 00| 0 urd d | ||
| 040 |
_aBD-DhUL _cBD-DhUL |
||
| 082 |
_a891.431 _bZAK |
||
| 100 | 0 |
_aظفر _4 |
|
| 245 | 1 | 0 |
_aکلیات ظفر : _cظفر _bجلد ۱-۲ / |
| 260 |
_aلکھنو : _bمطبع نامی منشی، _c۔ |
||
| 300 |
_aجلد ۱-۲ ؛ _c۲۴ سم۔ |
||
| 650 | 4 | _aUrdu poetry | |
| 942 |
_2ddc _cBK |
||
| 999 |
_c245637 _d245637 |
||